Aktuálny pohľad na vývoj odvetvia dopravy v SR Príloha Hospodárskych novín
Vývoj odvetvia dopravy v SR od výrazného poklesu v r. 1993 a 1994. Podiel súkromného sektora v cestnej nákladnej doprave. Vývoj mzdy a počtu pracovníkov v doprave. Preprava tovaru nákladnou dopravou.
Enregistré dans:
| Format: | Chapitre de livre |
|---|---|
| Langue: | slovaque |
| Sujets: | |
| Tags: |
Pas de tags, Soyez le premier à ajouter un tag!
|
MARC
| LEADER | 00000naa a2200000 4500 | ||
|---|---|---|---|
| 001 | r025844 | ||
| 005 | 20230824085323.0 | ||
| 041 | 0 | |a slo | |
| 044 | |a SK | ||
| 245 | 1 | 0 | |a Aktuálny pohľad na vývoj odvetvia dopravy v SR |b Príloha Hospodárskych novín |
| 520 | |a Vývoj odvetvia dopravy v SR od výrazného poklesu v r. 1993 a 1994. Podiel súkromného sektora v cestnej nákladnej doprave. Vývoj mzdy a počtu pracovníkov v doprave. Preprava tovaru nákladnou dopravou. | ||
| 610 | 2 | 0 | |a Slovensko |
| 610 | 2 | 0 | |a 1993-1996 |
| 610 | 2 | 0 | |a doprava |
| 610 | 2 | 0 | |a sektor súkromný |
| 610 | 2 | 0 | |a doprava cestná nákladná |
| 610 | 2 | 0 | |a preprava |
| 610 | 2 | 0 | |a mzdy |
| 610 | 2 | 0 | |a počet pracovníkov |